00846nam a22001697a 4500008004100000020001600041050002800057245028800085260004600373300002200419440003900441800002300480800001500503942001200518999001600530952013000546140902b xxu||||| |||| 00| 0 eng d a04060929774 aKD277.7.L39(1913 vol.1) aThe Law reports of the incorporated Council of law reporting(1913 vol.1): Kings Bench Division: and on appeal therefrom in the Court of Appeal, decisions in the Court of criminal appeal and decisions of the Railway and Canal Commission. / cedited by Frederick Pollock and A.P. Stone aLondon:bButterworth and Co. Ltd.,c1913. axiv, 642p.:c24cm pKings Bench Division, 1912vvol. I aPollock, Frederick aStone,A.P. 2lcccBK c3970d11470 00102lcc4070aWIUC-1bWIUC-1cLLd2014-09-02l0oKD277.7.L39(1913 vol.1)p1991/988/14r2014-09-02 00:00:00w2014-09-02yBK